Loading...
| Current Events | 3 | 26.67 | 100% | 100% | 67% |
| Fine Arts - Auditory Fine Arts | 8 | 22.50 | 100% | 100% | 25% |
| Fine Arts - Other Fine Arts | 7 | 14.29 | 100% | 43% | 0% |
| Fine Arts - Visual Fine Arts | 6 | 16.67 | 100% | 67% | 0% |
| Geography | 2 | 20.00 | 100% | 100% | 0% |
| History - American History | 5 | 20.00 | 100% | 80% | 20% |
| History - European History | 6 | 18.33 | 100% | 67% | 17% |
| History - Other History | 6 | 23.33 | 100% | 83% | 50% |
| History - World History | 7 | 20.00 | 100% | 86% | 14% |
| Literature - American Literature | 5 | 24.00 | 100% | 100% | 40% |
| Literature - British Literature | 6 | 20.00 | 100% | 50% | 50% |
| Literature - European Literature | 5 | 22.00 | 100% | 80% | 40% |
| Literature - World Literature | 8 | 26.25 | 100% | 100% | 63% |
| Mythology | 3 | 23.33 | 100% | 67% | 67% |
| Other Academic | 2 | 20.00 | 100% | 50% | 50% |
| Philosophy | 7 | 20.00 | 100% | 71% | 29% |
| Religion | 6 | 15.00 | 83% | 50% | 17% |
| Science - Biology | 7 | 12.86 | 71% | 43% | 14% |
| Science - Chemistry | 6 | 21.67 | 100% | 83% | 33% |
| Science - Other Science | 7 | 20.00 | 100% | 71% | 29% |
| Science - Physics | 7 | 21.43 | 100% | 100% | 14% |
| Social Science | 5 | 20.00 | 100% | 80% | 20% |